[Event "Bundesliga 0203"]
[Site "Germany"]
[Date "2003.01.11"]
[Round "8.6"]
[White "Mueller, Matthias"]
[Black "Schlosser, Philipp"]
[Result "0-1"]
[WhiteElo "2403"]
[BlackElo "2534"]
[Annotator "Ribli,Z"]
[PlyCount "58"]
[EventDate "2002.10.19"]
[EventType "team-tourn"]
[EventRounds "15"]
[EventCountry "GER"]
[SourceTitle "CBM 093"]
[Source "ChessBase"]
[SourceDate "2003.04.01"]
[SourceVersion "1"]
[SourceVersionDate "2003.04.01"]
[SourceQuality "1"]
[WhiteTeam "Erfurt"]
[BlackTeam "Baden Oos"]
[WhiteTeamCountry "GER"]
[BlackTeamCountry "GER"]

1. e4 c5 2. Nf3 e6 3. d4 cxd4 4. Nxd4 Nc6 5. Nc3 a6 6. Be3 Qc7 7. Bd3 {Das ist
eine prinzipielle Variante gegen der Taimanov Aufbau. Weiß möchte in folgendem
mit f2-f4 angreifen.} Nf6 8. O-O Bd6 {Dieser Läuferzug ist auf den ersten
Blick sonderbar - Schwarz stellt den Läufer vor den d7-Bauern. Die Idee des
Textzugs ist, dass Schwarz die Fortsetzung 9.f4 provozieren möchte. Ich
bemerke, dass statt dieser Fortsetzung Schwarz viele Alternativen hat: - 8...
b5, 8...Ne5, 8...h5, 8...Nxd4.} 9. f4 (9. Nxc6 bxc6 10. f4 e5 11. f5 Be7) 9...
Bc5 (9... Nxd4 10. e5 Bxe5 11. fxe5 Qxe5 12. Bf4 Qh5 13. Qd2 O-O 14. Rae1 Ng4
15. Bd6 Rd8 16. h3 Nh6 17. Bxh7+ Kxh7 18. Qxd4 Qg6 19. Re3 f6 20. Rg3 Qf7 21.
Qh4 Kh8 22. Ne4 {1-0 Mitkov,N-Tegshsuren,E/Las Vegas 2000/EXT 2002 (22)}) 10.
Be2 $6 {Dieser passive Lauferzug hat keinen guten Ruf - nachfolgedn erhält
Schwarz das bessere Spiel.} (10. Nf5 $5 Bxe3+ (10... Ne7 11. Nxg7+ Kf8 12. Bxc5
Qxc5+ 13. Kh1 Kxg7 14. e5 Ne8 15. Ne4 Qc7 16. Qh5 Ng6 17. Nf6 Qd8 18. f5 $1
exf5 19. Qxf5 d5 20. Qg5 {1-0 Topalov,V-Huebner,R/Wijk aan Zee 1996/CBM 51/
[Ribli] (37)}) 11. Nxe3 d6 12. a3 (12. Kh1 b6 13. Qe1 (13. Ng4 Nd7 14. f5 Nde5
15. fxe6 Bxe6 16. Nd5 {1/2-1/2 Nedev,T-Andersson,U/Panormo 2001/CBM 84 ext (16)
}) 13... Bb7 14. Qh4 O-O-O 15. Qf2 Kb8 16. a4 $6 Nb4 {1/2-1/2 Motylev,
A-Kobalija,M/Linares 2001/CBM 81/[Ribli] (66)}) 12... b6 13. Qf3 Bb7 14. Rae1
O-O-O 15. Qg3 g6 16. Qh3 Kb8 17. f5 Qe7 18. fxe6 fxe6 19. Nc4 Nd7 20. Ne2 g5
21. b4 b5 22. Nd2 Nde5 23. Nb3 g4 24. Qh6 {1-0 Nedev,T-Sakelsek,T/Bled 2002/
CBM 89 ext (45)}) 10... Qb6 {[%cal Rb6g1] Dieser Zug fuehrt zu Vereinfachungen,
wonach Schwarz drei Leichtfiguren gegen die Dame bekommt .} 11. Na4 Bxd4 12.
Nxb6 Bxe3+ 13. Kh1 Bxb6 {Die schwarze Figuren sind jetzt nicht besonders aktiv,
aber wenn er die Entwicklung beendet, kann er aufgrund seines
Materialübergewichts fuehlbaren Vorteil erreichen.} 14. Bf3 (14. Bd3 d6 15. Qf3
h5 16. Qg3 Kf8 17. Qh4 Bd8 18. Qf2 Ng4 19. Qd2 Be7 20. b4 d5 21. c3 Bd7 22. e5
g6 23. a4 Kg7 {0-1 Balogh,V-Medvegy,N/Budapest 2002/EXT 2003 (47)}) 14... O-O
15. e5 Ne8 {Die schwarze Stellung ist etwa passiv, aber nachfolgend kann er
Bc7(oder Bc5 - wie in der Partie) und d6 spielen und seine Leichtfiguren
befreien.} 16. Be4 (16. c3 Bc7 17. Qe2 Ne7 18. Rad1 d6 19. Be4 dxe5 20. fxe5 g6
21. a4 h5 22. Qe3 Nf5 23. Qf3 Rb8 24. Rfe1 b5 {0-1 Kanefsck,G-Needleman,A/Mar
del Plata 2002/EXT 2003 (57)}) 16... Bc5 $15 {[%csl Gc5,Gc8][%cal Gd7d6][%mdl
1024] Schwarz hat das Läuferpaar und seine positionelle Drohung ist jetzt
einfach 17...d6, oder 17...d5.} 17. Qh5 g6 18. Qh6 f5 (18... d5 19. Rf3 f5 $15)
19. exf6 $2 {Dieser Zug hilft nur dem Gegner - auf diese Weise kann Schwarz
seine Figuren leicht aktivieren.} (19. Bf3 d5 $15) 19... Rxf6 (19... Nxf6 $2
20. Bxg6 hxg6 21. Qxg6+ Kh8 22. Rf3 $18) 20. Rf3 {Weiß möchte am Königsflügel
angreifen, aber die schwarze Stellung ist leicht verteidigungsfähig.} d5 21.
Bd3 b6 $1 {[%cal Ga8a7,Ga7h7][%mdl 256] Schwarz bringt den a8-Turm über die 7.
Reihe ins Spiel - auf diese Weise kann er die weißen Drohungen am Königsflügel
leicht neutralisieren.} 22. Re1 Ra7 {[%cal Ga7f7,Gf7f3]} 23. c4 dxc4 24. Bxc4
Nd6 25. Bb3 Raf7 $17 {[%csl Gf6,Gf7] Die schwarzen Türme stehen sehr aktiv auf
der f-Linie, die positionelle Drohung ist 26...Nd4 und die weiße Dame auf h6
ist weit vom Hauptkriegschauplatz entfernt.} (25... Nd4 26. Rff1 Nxb3 27. axb3
Raf7 $17) 26. f5 {In sehr schlechter Stellung versucht Weiß im Trüben zu
fischen.} (26. Rff1 Nd4 $17) 26... Nxf5 (26... Rxf5 27. Rxe6 Rxf3 28. gxf3 Bxe6
29. Bxe6 Nd4 30. Bxf7+ Nxf7 $17) (26... gxf5 $17) 27. Qc1 Ncd4 $19 28. Rh3 Bb7
(28... Nxb3 29. Rxb3 Bb7 $19) 29. Bc4 Nd6 {[%csl Rh1][%cal Rf6f2] Weiß ist
hilflos gegen die vielseitigen schwarzen Drohungen.} 0-1

[Event "ISR-ch"]
[Site "Tel Aviv"]
[Date "1994.??.??"]
[Round "4"]
[White "Tseitlin, Mark D"]
[Black "Soffer, Ram"]
[Result "0-1"]
[WhiteElo "2465"]
[BlackElo "2515"]
[Annotator "Ribli,Z"]
[PlyCount "114"]
[EventDate "1994.10.??"]
[EventType "swiss"]
[EventRounds "11"]
[EventCountry "ISR"]
[SourceTitle "CBM 045 Extra"]
[Source "ChessBase"]
[SourceDate "1995.05.01"]
[SourceVersion "1"]
[SourceVersionDate "1995.05.01"]
[SourceQuality "1"]

1. e4 c5 2. Nf3 e6 3. Nc3 a6 4. d4 cxd4 5. Nxd4 Nc6 6. Be3 {In der letzten
Zeit gibt diese Fortsetzung keinen Vorteil.} Qc7 7. Bd3 Nf6 {Salov spielte
hier gegen Khalifman (Wijk cm/1994/CBM39/INF59,208) 7...b5!? und bald
erreichte er ein gleichwertiges Spiel (=).} 8. O-O Nxd4 9. Bxd4 Bc5 10. Bxf6 (
10. Bxc5 $5 Qxc5 11. Kh1 b5 12. Qd2 Bb7 13. Rae1 Qd4 $6 14. f3 h6 15. e5 Nd5
16. Nxd5 Bxd5 17. c3 Qc5 18. Be4 Bxe4 19. Rxe4 $14 {Schwarz hat
Schwierigkeiten mit dem d7-Bauern. Ivanchuk,V-Ljubojevic,L/ Buenos Aires
Sicilian/1994/CBM44/}) 10... gxf6 11. Qg4 Kf8 $1 {Eine starke Neuerung. Nach
11...Qe5 12.Kh1 Qg5 13.Qe2 Bd6 14.g3 f5 15.f4 Qg4 16.Qd2 Bc7 17.Be2 Qg7 18.Bf3
+/- hat Suetin,A gegen Cvetkovic,S/Skopje/1969/ INF07,363/ klaren Vorteil
erreicht.} 12. Kh1 h5 13. Qh4 Be7 14. f4 b5 15. Rae1 Bb7 16. f5 {[#]} Qe5 $1 {
Dieser starke posisionelle Damenzug ist fuer derartige Stellungen (z.B. Naj-
dorf mit Qb2 Variante.) typisch. Jetzt hat Schwarz eine riesige Dame auf e5.}
17. a4 Bc6 $1 (17... b4 $2 18. Nd1 {/\ Ne3,Nc4 +/=}) 18. a5 Re8 19. Nd1 Bd8 {
Sofortige 19...Kg7 mit der Idee (/\) 20...Reg8 kommt auch in Betracht.} 20. c3
Kg7 21. b4 Reg8 22. c4 Be7 23. c5 (23. cxb5 axb5 $17 {Weiss kann den b4-Bauern
nicht mehr decken.}) 23... Kf8 24. Ne3 $2 {In einer etwas unbequemen Stellung
verliert Weiss die Geduld und die kostet einen Bauern.} Qd4 25. Bb1 Qxb4 26.
fxe6 dxe6 27. Qf4 Qd4 $1 (27... Qxc5 $2 28. Rc1 $18) 28. Qc7 Qd7 29. Qb8+ Qd8
30. Qa7 Qa8 31. Qc7 Qb7 {Schwarz will natuerlich die Dame tauschen.} 32. Qf4
Rg5 $1 {Schwarz gewinnt noch einen Bauern.} 33. Nc2 Rg4 34. Qd2 Rxe4 35. Rxe4
Bxe4 36. Nd4 Bd5 (36... Bxb1 37. c6 $1 Qc7 38. Rxb1 $17 {Weiss lebt noch}) 37.
Rc1 Qc7 $6 {Mit 37...Rg8 (-+) koennte Soffer sofort gewinnen.} 38. Ba2 Bxa2 39.
Qxa2 Rg8 40. c6 Rg4 41. Qd2 Bd6 42. Rd1 Ke7 43. Qe3 {Droht (/\) 44.Nf5} Rg5 44.
Rf1 Be5 45. Nf3 Bf4 46. Qb6 Qxb6 47. axb6 Rc5 48. g3 (48. Nd4 Be5 49. b7 Kd8
$19) 48... Rxc6 $1 {Der einfachste Weg.} 49. gxf4 Rxb6 {Die vier Bauern (davon
zwei riesigen Freibauern) sind viel staerker als der weisse Springer.} 50. Ra1
b4 51. Nd2 b3 52. Kg2 b2 53. Re1 (53. Rb1 a5 54. Nc4 Rb4 55. Nxb2 a4 $19) 53...
Rc6 $1 54. Kf2 Rc1 55. Nb1 a5 56. Ke2 a4 57. Kd2 Rxb1 $1 {Sehr elegant   Ribli}
(57... Rxb1 $1 58. Rxb1 a3 59. Kc2 a2 $19) 0-1

[Event "New York op"]
[Site "New York"]
[Date "1998.03.21"]
[Round "8"]
[White "Mainka, Romuald"]
[Black "Epishin, Vladimir"]
[Result "0-1"]
[WhiteElo "2500"]
[BlackElo "2590"]
[Annotator "Ribli,Z"]
[PlyCount "100"]
[EventDate "1998.03.16"]
[EventType "swiss"]
[EventRounds "9"]
[EventCountry "USA"]
[SourceTitle "CBM 064"]
[Source "ChessBase"]
[SourceDate "1998.06.02"]
[SourceVersion "1"]
[SourceVersionDate "1998.06.02"]
[SourceQuality "1"]

1. e4 {Bangiev} c5 2. Nf3 e6 3. d4 cxd4 4. Nxd4 Nc6 5. Nc3 Qc7 6. Be3 a6 7. Bd3
{Das ist eine heutzutage sehr populäre Variante. Weiß kommt zu schneller
Figurenentwicklung und erhält gute Angriffschancen. Ribli.} Nf6 8. O-O Ne5 (
8... Nxd4) (8... b5) (8... Bd6) 9. h3 {Wegen der Drohung 9...Neg4 muß Weiß so
etwas spielen, Alternativen sind 9.Be2 und 9.Nf3.} Bc5 10. Na4 {Meine
persönliche Meinung ist, daß dieser Plan keine Gefahr für Schwarz darstellt.
Besser scheinen mir die Varianten mit 10.Kh1 oder 10.f4, mit Angriffschancen
am Königsflügel.} Ba7 11. c4 O-O $5 $146 {Das ist eine interessante Idee.
Schwarz spielt (noch) nicht 12...d6 und provoziert so c4-c5. In manchen
Varianten kann er dann direkt d7-d5 ziehen.} (11... d6 12. Rc1 Bd7 13. Nc3 O-O
14. b3 Rfd8 (14... Bc5 15. Bb1 Qa5 16. a4 Ba3 17. Rc2 Bb4 18. Bd2 Bc6 19. Re1
Rfd8 20. Na2 Bxd2 21. Rxd2 Be8 {Waitzkin,J-Borocz,I/Budapest FS06 GM 1997/1/
2-1/2 (47)}) 15. Bb1 Be8 16. Qe2 Qe7 17. Kh1 Nc6 18. Nxc6 Bxc6 19. Bxa7 Rxa7
20. f4 Nd7 21. b4 b6 22. Rcd1 Nf8 23. Qf2 Qc7 24. f5 exf5 25. Qxf5 Ba8 26. Bd3
Ng6 27. Nd5 Bxd5 28. Qxd5 Ne5 {1/2-1/2 Sax,G-Dovzik,J/Komercni Banka op 1996 
(61)}) (11... d6 {Bangiev ist die Hauptvariante.}) 12. Rc1 (12. c5 d6 (12...
Bxc5 $2 13. Nxc5 (13. Rc1 {[%cal Rc1c7]}) 13... Qxc5 14. Nxe6 $18 {[%cal Re3c5,
Re6f8]}) 13. cxd6 Qxd6 $15 {[%csl Ra4,Ga7][%cal Gd6d1] Und Schwarz hat
leichtes Spiel mit späterem Rd8.}) 12... Rd8 $5 (12... d6 13. Nc3 Bc5 (13... b6
$6 {[%csl Ra7]} 14. b3 Nxd3 15. Qxd3 $14 {Und Weiß kontrolliert mehr Raum. Das
schwarze Läuferpaar spielt keine wichtige Rolle.})) (12... d6 {Bangiev die
Zugumstellung zur Hauptvariante. Siehe 11...d6.}) 13. b3 (13. c5 d5 {[%cal
Gd8d1]} (13... d6 14. Nb6 Rb8 15. Nxc8 Rbxc8 16. cxd6 $11) (13... d6 $1 $15 {
Bangiev})) (13. f4 Nxd3 14. Qxd3 d6 $11 {Weiß besitzt Raumvorteil, Schwarz das
Läuferpaar und eine solide Stellung.}) (13. Bb1 d6 $11 (13... Nxc4 14. e5 (14.
Qe2 b5 15. b3 $13) 14... Nxe3 (14... Nd5 15. Qd3 $18 {[%cal Rb1h7,Rc1c4]})))
13... Qb8 14. Nc3 (14. Bb1 b5 15. cxb5 axb5 16. Nc3 Ba6 $132 {[%cal Ga6f1]}) (
14. f4 {Bangiev} Nxd3 15. Qxd3 b5 16. Nc3 (16. cxb5 $6 axb5 $132) 16... bxc4
17. bxc4 (17. Qxc4 d5 $132) 17... Qc7 18. e5 Ne8 19. Ne4 d6 $132) 14... Bc5 15.
Bb1 (15. Na4 $6 d6 16. Nxc5 $2 dxc5 $19 {[%cal Rd8d1]}) (15. f4 {Bangiev} Nxd3
(15... Qa7 $2 16. fxe5 Bxd4 17. Bf2 $1 $16) (15... Nc6 16. Nc2 Bxe3+ 17. Nxe3
d6 $14) 16. Qxd3 d6 17. Rcd1 Bd7 18. f5 b5 $132) 15... d6 $11 {Dank seines
starken Bauernzentrums kontrolliert Weiß mehr Raum, aber Schwarz beherrscht
die schwarzen Felder. Eigentlich hat der Nachziehende eine massive
Igelstellung aufgebaut.} 16. Qe2 Bd7 {Der schwarze Bc5 ist weit vom
Königsflügel entfernt, dennoch geht 17.Bg5 nicht, weil der Nd4 nicht gedeckt
ist. Gewöhnlich ist der Tausch der schwarzfeldrigen Läufer vorteilhaft für
Schwarz.} 17. Rfe1 (17. Rfd1 Qa7 {[%cal Ga7g1]} (17... Qc7 {[%cal Gc7a5]})) (
17. f4 {Bangiev} Ng6 $132) 17... h6 {Schwarz festigt seine Springerstellung
und verhindert den später möglichen Läuferzug nach g5.} (17... Qa7 18. Qd2 Nc6
19. Nxc6 Bxc6 20. Bg5 $14) 18. Kh1 Ng6 {Schwarz verhindert den Zug 19.f4, der
nun mit 19...Nxf4 oder 19...Bxd4 beantwortet werden kann. Ich möchte anmekren,
daß es für Schwarz in dieser Variante typisch ist, Ng6 zu spielen und damit
den Bauernsturm f4-f5 zu provozieren. Schwarz kann anschließend wieder Ng6-e5
ziehen und sich einer starken Springerstellung erfreuen.} 19. Nc2 (19. Rcd1 {
Bangiev} b5 $5) 19... Bc6 20. b4 (20. f3 b5 $15) 20... Bxe3 21. Nxe3 {Im
Prinzip ist dieser Läufertausch vorteilhaft für Schwarz, weil der weiße Bb1
keine große Perspektive hat und Schwarz die schwarzen Felder kontrolliert.} (
21. Qxe3 Ne5 (21... b5 22. Nd4) 22. Qe2 b5 $11) 21... b5 22. cxb5 (22. a3 {
Bangiev} Qb7 {[%cal Yc6e4]} 23. f3 Rac8 $36) 22... axb5 {Strategisch ist es
immer vorteilhaft für Schwarz, in Igelstellungen nach z.B. 21...b5 22.cxb5 mit
axb5 zu antworten, weil die weiße Zentrumsstellung schwächer ist und Schwarz
die halboffene a-Linie hat. Und es gibt für Schwarz auch noch die Möglichkeit
im Zentrum -mit d6-d5- aktiv zu werden und zu besserem Spiel zu kommen.} {[#]}
23. Ncd5 $13 {Weiß versucht, die Stellung zu verkomplizieren. Sonst kann
Schwarz in Ruhe 24...Qb7 spielen, mit starker Kontrolle im Zentrum.} exd5 (
23... Bxd5 $5 {Bangiev} 24. exd5 Nf4 25. Qc2 N4xd5 26. Nxd5 exd5 $15) 24. Rxc6
dxe4 25. Nf5 {[%csl Gf5]} Ne5 {[%csl Ge5]} 26. Bxe4 $5 {Ich bin nicht ganz
sicher, ob die weiße Kompensation ausreichend ist. In der aktuellen Partie
verzichtet Epishin jedenfalls auf die Qualität.} (26. Rcc1 d5 $17 {Weiß hat
einen starken Nf5, aber das ist auch schon alles. Die Macht der schwarzen
Bauernmasse im Zentrum ist offensichtlich.}) (26. Rc3 {Bangiev} Ra4 $15) 26...
Ra4 $5 {Schwarz will den Ne5 behalten und spielt auf Bauerngewinn.} (26... Nxe4
27. Qxe4 Nxc6 28. Qg4 (28. Qxc6 {[%csl Gf5][%cal Gc6c3,Gc3g7]} d5 $17 (28...
Re8 $17) (28... Rc8 $2 29. Ne7+)) 28... g6 29. Nxh6+ Kg7 (29... Kf8 $5) (29...
Kf8 30. Qf4 Qc7 31. Qf6 Ne5 32. f4 $16) 30. Nf5+ Kf8 31. Qh4 {[%csl Rf8][%cal
Rh4h8]} Kg8 32. Qh6 {[%cal Rh6g7]} gxf5 33. Qg5+ Kf8 (33... Kh7 {Bangiev} 34.
Qh5+ $11) 34. Qh6+ Kg8 35. Qg5+ Kh7 36. Qh5+ $11) (26... Nxc6 {Bangiev} 27.
Bxc6 Ra3 28. Bxb5 Qb7 $15) 27. Rc3 Rxb4 {[%csl Re4][%cal Rb4e4,Rf6e4]} 28. Bc2
{/\Nxd6;} Ng6 $15 {Schwarz hat einen Bauern mehr, seine Königsstellung ist gut
zu verteidigen.} (28... Rb2 $5 {Bangiev} 29. Nxd6 Qxd6 30. Qxe5 Qxe5 31. Rxe5
b4 32. Rc7 Rxa2 $17) 29. Re3 (29. Nxh6+ $1 {Bangiev} gxh6 30. Bxg6 Re8 $1 (
30... fxg6 $2 31. Qe6+ $18) 31. Re3 fxg6 32. Rxe8+ (32. Qd3 $5 Kf7 33. Rxe8
Nxe8 34. Qd5+ Kf8 35. Qe6 Ng7 36. Qxg6 $13) 32... Qxe8 33. Qxe8+ Nxe8 34. Rxe8+
Kf7 35. Re2 $11) 29... d5 30. Qd2 Rc4 31. Rg3 (31. Bd3 Rc7) (31. Bb3 Re4) 31...
Qf4 32. Qa5 (32. Qxf4 Rxf4 $17) 32... Qc7 {[%cal Rc7c2]} 33. Qxc7 Rxc7 {
Nach dem Damentausch hat Schwarz einen klaren Mehrbauern, aber Weiß bekommt
etwas Aktivität. Daher ist die Realisierung des Vorteils noch nicht so einfach.
} 34. Nd4 {/\Bb3!} Rc4 35. Rd1 Ne4 {[%csl Gc4,Ge4][%cal Re4g3,Re4f2,Rf2d1,
Rf2h1]} 36. Rf3 (36. Bxe4 $2 dxe4 $19 {[%csl Rd4][%cal Rd8d1]}) 36... Ne5 {
[%csl Gc4,Ge4,Ge5]} (36... Nh4 $1 {Bangiev} 37. Rf4 (37. Bxe4 dxe4 $19) 37...
g5 $19) 37. Rf5 Nc3 (37... g6 $5) 38. Re1 f6 {[%csl Gc3,Gc4,Ge5] Schwarz hat
nun nicht nur einen Bauern mehr, sondern auch starke Initiative durch das
Springerpaar.} 39. Rf4 Rd7 (39... Nxa2 $1 {Bangiev} 40. Bb3 Rc1 $19) 40. Bb3
Rc8 41. Nf5 $6 {Psychologisch ist es verständlich, daß Weiß aktiv spielen
möchte, aber der Partiezug hilft Schwarz lediglich, das Spiel zu vereinfachen.}
(41. Re3) 41... Nd3 $17 {[%cal Rd3f4,Rd3e1]} 42. Re7 $8 Rxe7 $5 (42... Rcc7 43.
Rxd7 Rxd7 44. Rf3 (44. Rd4 Nxf2+ (44... Nc1 $5 45. Bxd5+ Nxd5 46. Rxd5 Rxd5 47.
Ne7+ Kf7 48. Nxd5 Nxa2 $17) 45. Kg1 Nxh3+ 46. gxh3 Ne2+ 47. Kf2 Nxd4 48. Nxd4
$15) 44... Ne4) 43. Nxe7+ Kf7 44. Nxd5 $2 (44. Nxc8 Nxf4 $17 {Schwarz besitzt
einen klaren Mehrbauern, aber das reduzierte Material eröffnet Weiß
Rettungschancen.}) 44... Nxf4 45. Nxc3+ (45. Nb6+ Rc4 $19 {Meiner Meinung nach
hat Weiß diesen Zug nicht gesehen, als er zuvor diese Variante berechnete!})
45... Ke7 46. Nxb5 {Weiß hat einen Bauern für die Qualität, aber das schwarze
Figurenspiel entscheidet die Partie.} Nd3 {[%csl Rf2,Rh1]} 47. a4 (47. Kg1 Rc1+
48. Kh2 Nxf2 $17) (47. f3 h5 {Es droht 48...h4, und der weiße König befindet
sich in großer Not.} (47... Nc1 {Bangiev} 48. Nd4 Nxb3 49. axb3 Rc1+ 50. Kh2
Rd1 $19)) 47... Nxf2+ $19 48. Kh2 Nd3 49. a5 Ra8 {[%csl Ga5]} 50. Nd4 {Das ist
der letzte Trick von Weiß.} Ne5 {[%csl Ra5] Weiß verliert den Pa5. Angesichts
des chancenlosen Endspiels gab er auf. Ribli.} (50... Rxa5 $4 51. Nc6+ $18 {
[%cal Rc6e7,Rc6a5]}) 0-1